| 000 | 00895nam a22002777a 4500 | ||
|---|---|---|---|
| 001 | 5820 | ||
| 003 | FISKH | ||
| 005 | 20250421120755.0 | ||
| 008 | 250123b cb ||||| |||| 00| 0 eng d | ||
| 020 | _a9780545356855 | ||
| 040 |
_aFISKH _beng _cFISKH _dFISKH |
||
| 050 | _aQE522.E25 | ||
| 082 | _a551.21 | ||
| 100 | _aEarhart, Kristin | ||
| 245 |
_aThe magic school bus: _bInside a volcano / |
||
| 260 |
_aNew York : _bScholastic, _c2012. |
||
| 300 |
_a32 pages : _bcolor illustrations ; _c23 cm |
||
| 505 | _aG | ||
| 520 | _aTim is making a volcano, but he's not sure how it should work. When Ms Frizzle and her class travel deep inside the earth to find out, things start to heat up! | ||
| 521 | 8 |
_a410
_bLexile |
|
| 521 | 8 |
_aG
_bRaz-Plus |
|
| 650 |
_aAdventure _vEarth Science |
||
| 700 |
_aBracken, Carolyn _eillustrator |
||
| 942 |
_2ddc _cBK _n0 |
||
| 999 |
_c5820 _d5820 |
||